000 00856nam a2200205Ia 4500
003 GCL
008 140319s9999 xx 000 0 ara d
040 _aGCL /
_cGCL
082 0 4 _a291.172
_bش هـ
100 1 _aابن قيم الجوزية: شمس الدين ابو عبدالله محمد بن ابى بكر
245 1 0 _aهداية الحيارى فى اجوبة اليهود والنصارى /
_cابن قيم الجوزية: شمس الدين ابو عبدالله محمد بن ابى بكر
700 1 _aاحمد حجازى احمد السقا
260 _aالقاهرة :
_bالمكتبة القيمة للطباعة والنشر والتوزيع ،
_c1987
300 _a294 ص ؛
_c25 سم
490 _a
650 0 4 _aالاسلام
650 0 4 _aاليهودية
650 0 4 _aالديانات المقارنة
942 _2ddc
_cBK
999 _c53171
_d53171